La Merope : ópera en tres actos de Domingo Terradellas (1713-1751) / transcripción y revisión por Roberto Gerhard ópera en tres actos de Domingo Terradellas (1713-1751) / transcripción y revisión por Roberto Gerhard
Descripción Física:
XVII, 397 p. : amb partitures ; 35 cm
Colección:
Publicaciones de la Sección de Musica ; 14
Otros Autores:
Gerhard, Robert
Materias:
Òperes -- Llibrets
MARC
| LEADER | 00000nam a2200000Ia 4500 | ||
|---|---|---|---|
| 001 | 10099 | ||
| 008 | 160829s1951 xx 000 0 cat d | ||
| 080 | |a FOL-1-19 | ||
| 100 | |a Terradellas, Domènec Miquel |9 35254 | ||
| 245 | |a La Merope : |b ópera en tres actos de Domingo Terradellas (1713-1751) / transcripción y revisión por Roberto Gerhard | ||
| 260 | |a Barcelona : |b Diputación de Barcelona. Biblioteca Central, |c 1951 | ||
| 300 | |a XVII, 397 p. : |b amb partitures ; |c 35 cm | ||
| 490 | |a Publicaciones de la Sección de Musica ; 14 | ||
| 650 | |a Òperes |x Llibrets |9 20021 | ||
| 700 | 1 | |a Gerhard, Robert |9 39927 | |
| 710 | 1 | |a Biblioteca de Catalunya |9 52741 | |
| 901 | |a Arxiu | ||
| 942 | |n 1 | ||
| 952 | |0 0 |1 0 |4 0 |6 FOL119 |7 1 |9 46832 |a Arxiu |b Arxiu |d 2016-12-01 |l 0 |o FOL-1-19 |p 10099 |r 2016-12-01 00:00:00 |w 2016-12-01 |y ARXIU | ||
| 999 | |c 50625 |d 50625 | ||